{"text_format":"1","workbook":"xlsx","n_sheets":1,"sheets":["цтвс 1"],"not_rendered":{"charts":0,"images":0,"macros":1,"external_links":0,"defined_names":1,"comments":0,"pivot_tables":0},"unopened":[],"bounds":{"document_bytes":16777216,"sheet_cells":100000,"rows_first":2000,"rows_last":500,"rows_between":2000,"halvings":0,"cell_chars":16384,"cell_head_chars":4096},"cells_cut":0,"cells_raw":0,"read":"whole","date_system":"1900"}

{"sheet":"цтвс 1","index":0,"n_rows":45,"n_cols":18,"rows_kept":45,"cut":false,"hidden":false,"merged":[]}
[]
[]
[null,"наеменование цеха, службы","№ класса","127 справочник","Код КСМ","Номенклатура","Комментарий","Ед. изм.","Кол","Кол-во 2","Цена с НДС","Сумма  с  НДС","Сумма  без НДС","Объект (котельная)","наличие ОЛ","ИЛ","ПРИМЕЧАНИЕ","Обоснование для защиты БП 2018"]
["копировать строку ","ЦТВС-1","01-000000","прочие материалы",1006331,"Труба стальная водогазопроводная 15Х2,5 ст10","Отсутствует особые требования заказчика ГОСТ 3262-75","Т",0.1,null,42445.919999999998,4244.5919999999996,3597.1118644067797]
[null,"ЦТВС-1","01-000000","прочие материалы",1006331,"Труба стальная водогазопроводная 15Х2,5 ст10","Отсутствует особые требования заказчика ГОСТ 3262-75","Т",null,null,42445.919999999998,4244.5919999999996,3597.1118644067797]
["копировать строку ","ЦТВС-1","01-000000","прочие материалы",1007198,"Труба стальная водогазопроводная 20Х3,2 ст10","Отсутствует особые требования заказчика ГОСТ 3262-75","Т",0.05,null,35943.33,1797.1665000000003,1523.0224576271189]
["копировать строку ","ЦТВС-1","01-000000","прочие материалы",1007198,"Труба стальная водогазопроводная 20Х3,2 ст10","Отсутствует особые требования заказчика ГОСТ 3262-75","Т",null,null,35943.33,1797.1665000000003,1523.0224576271189]
["копировать строку ","ЦТВС-1","01-000000","прочие материалы","1034655","Труба стальная бесшовная горячедеформированная 114Х6 В ст20"," ГОСТ 10704-91,ГОСТ 10705-80","Т",1.2949999999999999,null,74224.160000000003,96120.287200000006,81457.870508474589]
["копировать строку ","ЦТВС-1","02-000000","прочие материалы","1537433","ОтводОтвод 90 159х10-13ХФА",null,"шт",3,null,3662.65,10987.95,9311.8220338983065,null,null,null,"Ноговицин И.В."]
["копировать строку ","ЦТВС-1","02-000000","прочие материалы",1005749,"Отвод крутоизогнутый 90 114Х6","ст 10-20 ГОСТ 17375-2001","ШТ",21,null,470.58,9882.18,8374.7288135593226]
["копировать строку ","ЦТВС-1","02-000000","прочие материалы",1005749,"Отвод крутоизогнутый 90 114Х6","ст 10-20 ГОСТ 17375-2001","ШТ",21,null,470.58,9882.18,8374.7288135593226]
["копировать строку ","ЦТВС-1","02-000000","прочие материалы",1005749,"Отвод крутоизогнутый 90 114Х6","ст 10-20 ГОСТ 17375-2001","ШТ",21,null,470.58,9882.18,8374.7288135593226]
["копировать строку ","ЦТВС-1","02-000000","прочие материалы",1005192,"Отвод крутоизогнутый 90 159Х6","ст 10-20 ГОСТ 17375-2001","ШТ",null,null,1265.9100000000001,2531.8200000000002,2145.6101694915255]
["копировать строку ","ЦТВС-1","02-000000","прочие материалы","1625032","Отвод крутоизогнутый 90 57Х6","ст 10-20 ГОСТ 17375-2001","ШТ",17,null,392.36,6670.12,5652.6440677966102]
["копировать строку ","ЦТВС-1","02-000000","прочие материалы",1049862,"Отвод крутоизогнутый 90 89Х4,5","ст 10-20 ГОСТ 17375-2001","ШТ",2,null,275.55,551.1,467.03389830508479]
["копировать строку ","ЦТВС-1","02-000000","прочие материалы",1095412,"Сгон в комплекте (муфта, контргайка) ДУ15 для сантехники","","ШТ",80,null,77.8,6224,5274.5762711864409]
["копировать строку ","ЦТВС-1","02-000000","прочие материалы",1095413,"Сгон в комплекте (муфта, контргайка) ДУ20 для сантехники","Отсутствует особые требования заказчика","ШТ",39,null,94.95,3703.05,3138.1779661016953]
["копировать строку ","ЦТВС-1","02-000000","прочие материалы",1095414,"Сгон в комплекте (муфта, контргайка) ДУ25 для сантехники","в комплекте с муфтой и контргайкой ГОСТ 8969-75","ШТ",37,null,144.38,5342.0599999999995,4527.1694915254238]
["копировать строку ","ЦТВС-1","02-000000","прочие материалы","1095416","Сгон стальной 50","в комплекте с муфтой и контргайкой ГОСТ 8969-75","ШТ",33,null,221.66,7314.78,6198.9661016949158]
["копировать строку ","ЦТВС-1","02-000000","прочие материалы","1932198","Заглушка межфланцевая Тип II Ду200 Ру4",null,"шт",5,null,7292,36460,30898.305084745763]
["копировать строку ","ЦТВС-1","02-000000","прочие материалы",1932115,"Заглушка межфланцевая Тип I Ду32 Ру1,6",null,"шт",85,null,488,41480,35152.542372881355]
["копировать строку ","ЦТВС-1","02-000000","прочие материалы",1932116,"Заглушка межфланцевая Тип I Ду40 Ру1,6",null,"шт",85,null,538,45730,38754.237288135599]
["копировать строку ","ЦТВС-1","02-000000","прочие материалы",1850427,"Заглушка межфланцевая Тип I Ду50 Ру1,6",null,"шт",85,null,748.38,63612.3,53908.728813559326]
["копировать строку ","ЦТВС-1","02-000000","прочие материалы",1850428,"Заглушка межфланцевая Тип I Ду80 Ру1,6",null,"шт",85,null,1142,97070,82262.711864406781]
["копировать строку ","ЦТВС-1","02-000000","прочие материалы",1850430,"Заглушка межфланцевая Тип I Ду100 Ру1,6",null,"шт",85,null,3200,272000,230508.4745762712]
["копировать строку ","ЦТВС-1","02-000000","прочие материалы",1932195,"Заглушка межфланцевая Тип II Ду150 Ру4",null,"шт",30,null,5525,165750,140466.10169491527]
["копировать строку ","ЦТВС-1","02-000000","прочие материалы",1932200,"Заглушка межфланцевая Тип II Ду250 Ру4",null,"шт",8,null,8127,65016,55098.305084745763]
["копировать строку ","ЦТВС-1","02-000000","прочие материалы",1932232,"Заглушка межфланцевая Тип II Ду300 Ру4",null,"шт",5,null,12270,61350,51991.525423728817]
["копировать строку ","ЦТВС-1","02-000000","прочие материалы",1932235,"Заглушка межфланцевая Тип II Ду350 Ру4",null,"шт",5,null,16500,82500,69915.254237288143]
["копировать строку ","ЦТВС-1","02-000000","прочие материалы",1932238,"Заглушка межфланцевая Тип II Ду400 Ру4",null,"шт",5,null,17895,89475,75826.271186440688]
["копировать строку ","ЦТВС-1","02-000000","прочие материалы",2000957,"Заглушка межфланцевая Тип III Ду500 Ру6,3",null,"шт",5,null,29460,147300,124830.50847457627]
["копировать строку ","ЦТВС-1","02-000000","прочие материалы",1122596,"Переход К 219Х10-159Х8-13ХФА",null,"шт",2,null,489.26,978.52,829.25423728813564,null,null,null,"переписка: Федорова Лариса Вячеславовна"]
["копировать строку ","ЦТВС-1","03-000000","прочие материалы",1024285,"Лист стальной с чечевичным рифлением 4Х1000Х2200"," ГОСТ 8568-77","Т",0.5,null,45239.45,22619.724999999999,19169.258474576272]
["копировать строку ","ЦТВС-1","03-000000","прочие материалы",1096841,"Сталь тонколистовая оцинкованная 0,55Х1250Х2500"," ГОСТ 14918-80,ГОСТ 19904-90","Т",0.05,null,54909.73,2745.4865000000004,2326.6834745762717]
["копировать строку ","ЦТВС-1","03-000000","прочие материалы",1014194,"Уголок стальной горячекатаный равнополочный 45Х45Х4 ст5сп"," ГОСТ 8509-93,ГОСТ 535-2005","Т",1.08,null,47842.95,51670.385999999999,43788.462711864406]
["копировать строку ","ЦТВС-1","03-000000","прочие материалы",1027108," Прокат стальной горячекатаный круглый 10 - ст3сп ГОСТ 2590-2006; ГОСТ 535-2005",null,"т",0.1,null,55939.45,5593.9449999999997,4740.6313559322034]
["копировать строку ","ЦТВС-1","03-000000","прочие материалы",1027195," Прокат стальной горячекатаный круглый 30 - ст20 ГОСТ 1050-88; ГОСТ 2590-2006",null,"т",0.05,null,43931.53,2196.5765000000001,1861.5055084745766]
["копировать строку ","ЦТВС-1","03-000000","прочие материалы",1053784,"Прокат стальной горячекатаный круглый 40 - ст20",null,"т",0.1,null,43167.86,4316.7860000000001,3658.2932203389832]
["копировать строку ","ЦТВС-1","03-000000","прочие материалы","1617891","Профиль стальной листовой гнутый с трапециевидными гофрами для строительства С21-1000-0,7; ГОСТ 24045-94","цвет: оцинкованный","т",0.42,null,58409.52,24531.998399999997,20789.82915254237]
["копировать строку ","ЦТВС-1","03-000000","прочие материалы",1014062,"Прокат листовой горячекатаный 6 ст3пс"," ГОСТ 14637-89,ГОСТ 19903-74","Т",3.8499999999999996,null,40473.54,155823.12899999999,132053.49915254235]
["копировать строку ","ЦТВС-1","03-000000","прочие материалы","1011851","Уголок стальной горячекатаный равнополочный 75Х75Х5 ст3сп"," ГОСТ 8509-93,ГОСТ 535-2005","Т",0.68500000000000005,null,56494.14,38698.4859,32795.327033898306]
["копировать строку ","ЦТВС-1","05-000000","прочие материалы",1081806,"Саморез 4,2х16 с пресс-шайбой","","ШТ",460,null,1.05,483,409.32203389830511,null,null,null,"передача новых объектов от УД"]
["копировать строку ","ЦТВС-1","05-000000","прочие материалы",1269985,"Саморез 4,2х19 с пресс-шайбой","","ШТ",400,null,1.29,516,437.28813559322037,null,null,null,"передача новых объектов от УД"]
["копировать строку ","ЦТВС-1","05-000000","прочие материалы",1269985,"Саморез 4,2х19 с пресс-шайбой","","ШТ",null,null,1.29,516,437.28813559322037,null,null,null,"передача новых объектов от УД"]
[null,null,null,null,null,null,null,null,null,null,null,{"$f":"SUM(L5:L43)","v":1654847.9705000001}]